00489nam a22001337a 4500008004100000020001800041040000900059100002100068245010700089260004100196300001800237650005500255650004500310240130b ||||| |||| 00| 0 eng d a9788419474384 aCDMR aRomaní, Daniel aCatalunya, plató de cinema b: [escenaris de pel·lícula que es poden visitar] c/ Daniel Romaní aBarcelona b: Viena edicions, c2023 a229 pàgines 0aCinematografiaxEscenografia i decoratszCatalunya 0aIndústria cinematogràficazCatalunya